On the Move to Meaningful Internet Systems 2005: CoopIS, DOA, and ODBASE : OTM Confederated International Conferences, CoopIS, DOA, and ODBASE 2005, Agia Napa, Cyprus, October 31 - November 4, 2005, Proceedings Part I /

Guardado en:
Bibliografiske detaljer
Hovedforfatter: Robert Meersman, Zahir Tari (edición)
Format: Bog
Sprog:engelsk
Udgivet: Berlín, Alemania : Springer, 2005, c2005
Serier:(Lecture Notes in Computer Science)
Online adgang:Ver documento en línea
Tags: Tilføj Tag
Ingen Tags, Vær først til at tagge denne postø!

MARC

LEADER 00000nam^a22000000a04500
001 000605297
009 20260413155408.396
020 |a 978-3-540-32116-3 
022 |a 1611-3349 
037 |a Acervo ITESO - Biblioteca 
041 |a ING 
082 |a Libro en línea 
100 |a Robert Meersman, Zahir Tari  |e (edición) 
245 |a On the Move to Meaningful Internet Systems 2005: CoopIS, DOA, and ODBASE :  |b OTM Confederated International Conferences, CoopIS, DOA, and ODBASE 2005, Agia Napa, Cyprus, October 31 - November 4, 2005, Proceedings Part I / 
264 4 |a Berlín, Alemania :  |b Springer,  |c 2005, c2005 
264 2 |a Cham, Suiza :  |b Springer Link [distribución],  |c 2025 
300 |a 1 libro electrónico en línea (XXVII, 917 p.) 
300 |a 1 recurso en línea 
336 |a datos para computadora  |b cod  |2 rdacontenido 
337 |a computadora  |b c  |2 rdamedio 
338 |a recurso en línea  |b cr  |2 rdasoporte 
440 |a (Lecture Notes in Computer Science) 
506 0 |a Licencias ilimitadas 
567 |a Catalogación rápida 
649 |a XX 
856 4 0 |u https://link-springer-com.ezproxy.iteso.mx/10.1007/11575771  |y Ver documento en línea 
910 |a Fondo General 
920 |a Electrónicos - Libros en Línea 
930 |a Plataforma Digital 
905 |a 205 
902 |a https://opac.biblio.iteso.mx/vufind/Record/000605297